| 000 | 00761 a2200181 4500 | ||
|---|---|---|---|
| 020 | _a0790610914 | ||
| 040 |
_aDLC _bDLC |
||
| 082 | 0 | 0 | _a621.381/045 |
| 100 | 1 | _aMartin, Vaughn, | |
| 245 | 1 | 0 |
_aOptoelectronics _cby Vaughn D. Martin. |
| 260 |
_aIndianapolis, IN : _bPrompt Publications, _cc1997-<c1998>. |
||
| 300 |
_av. <1-3> : _bill. ; _c28 cm. |
||
| 500 | _aIncludes indexes. | ||
| 505 | 0 | _av. l. The introduction. A self-teaching text, including basic concepts, photometrics, optics -- v. 2. Intermediate study. A self-teaching text, including radiometrics, color CRTs, projects -- v. 3. Lab mnual. A self-teaching text, including projects, labs, review. | |
| 650 | 0 | _aOptoelectronic devices. | |
| 650 | 0 | _aOptoelectronics. | |
| 942 |
_cBK _k621.381045 MAR _2ddc |
||
| 999 |
_c4580 _d4580 |
||